• 首页
  • 本馆介绍
  • 公告通知
  • 最新文献
  • 馆藏检索
  • 电子资源
  • 读者导购
  • 参考咨询
  • 我的图书馆
  • 登录
  • 详细信息显示
  • 放入我的书架
  • 预约/预借图书
  • 作者相关作品
  • 分类相关作品
  • 丛书相关作品
  • 出版社相关作品

书目信息

  • 表格格式
  • 工作单格式
  • 卡片格式
题名:
小学教师语言技能训练
    
 
作者: 贺旺波 , 杜宇虹 主编
分册:  
出版信息: 南京   南京大学出版社  2022.08
页数: 254页
开本: 26cm
丛书名: 高等院校小学教育专业系列教材
单 册:
中图分类: G625.1 , H193.2
科图分类:
主题词: 中小学--zhong xiao xue--教师--口语--高等学校--教材
电子资源:
ISBN: 978-7-305-22875-9
000 01295nam 2200301 450
001 012001000556
005 20141201152723.0
010    @a978-7-305-22875-9@dCNY45.00
099    @aCAL 012020035604
100    @a20220905d2020 em y0chiy50 ea
101 0  @achi
102    @aCN@b320000
105    @ak a 000yy
106    @ar
200 1  @a小学教师语言技能训练@Axiao xue jiao shi yu yan ji neng xun lian@e慕课版@f主编贺旺波, 杜宇虹
210    @a南京@c南京大学出版社@d2022.08
215    @a254页@d26cm
225 2  @a高等院校小学教育专业系列教材@Agao deng yuan xiao xiao xue jiao yu zhuan ye xi lie jiao cai
320    @a有书目 (第254页)
330    @a本教材以情境设置、任务驱动引领每一章节知识点的讲解,重在知识的理解、技能的训练及能力的提高。在“学习内容”中,嵌以音频、视频和动画演示等信息化手段增强学生的学习的可感性,在“过程训练”中,贴近中小学教师教育教学教学实际增强实践性,在“自我检测”中,设计合理便于操作的纸质作业和音频视频习题,为在线教学的应用行方便之门。
410  0 @12001 @a高等院校小学教育专业系列教材
606 0  @a中小学@Azhong xiao xue@x教师@x口语@x高等学校@j教材
690    @aG625.1@v5
690    @aH193.2@v5
701  0 @a贺旺波@Ahe wang bo@4主编
701  0 @a杜宇虹@Adu yu hong@4主编
801  0 @aCN@bAHXH@c20221111
905    @b1369559-63@dG625.1@e2731@f5
    
    小学教师语言技能训练:慕课版/主编贺旺波, 杜宇虹.-南京:南京大学出版社,2022.08
    254页;26cm.-(高等院校小学教育专业系列教材)
    
    
    ISBN 978-7-305-22875-9:CNY45.00
    本教材以情境设置、任务驱动引领每一章节知识点的讲解,重在知识的理解、技能的训练及能力的提高。在“学习内容”中,嵌以音频、视频和动画演示等信息化手段增强学生的学习的可感性,在“过程训练”中,贴近中小学教师教育教学教学实际增强实践性,在“自我检测”中,设计合理便于操作的纸质作业和音频视频习题,为在线教学的应用行方便之门。
●
相关链接 在E读中查询图书 在五车中查询图书 在当当中查询图书 在豆瓣中查询图书


正题名:小学教师语言技能训练     索取号:G625.1/2731         预约/预借

序号 登录号 条形码 馆藏地/架位号 状态 备注
1 1369559   213695599   第一样本阅览室/ [索取号:G625.1/2731] 在馆    
2 1369560   213695606   教育系资料室/ [索取号:G625.1/2731] 在馆    
3 1369561   213695615   教育系资料室/ [索取号:G625.1/2731] 在馆    
4 1369562   213695624   第四借阅区/ [索取号:G625.1/2731] 在馆    
5 1369563   213695633   第四借阅区/ [索取号:G625.1/2731] 在馆    
唐山师范学院图书馆 欢迎您!
大连网信软件有限公司© 版权所有